Score 0/16 Timer 10:00
0 Plays Today
Rank City % Correct
1.Memphis
100%
2.Nashville
99.7%
3.Knoxville
97.3%
4.Chattanooga
92%
6.Murfreesboro
71.1%
8.Johnson City
69.3%
5.Clarksville
65.8%
7.Jackson
65.2%
Rank City % Correct
10.Franklin
52.5%
9.Kingsport
47.5%
14.Cleveland
36.6%
11.Hendersonville
36%
13.Germantown
36%
15.Columbia
27.4%
16.Collierville
19.8%
12.Bartlett
18.3%
Come Together.
Have Fun.
All Virtual.
We all need to come together. Play Sporcle's virtual live trivia to have fun, connect with people, and get your trivia on. Join a live hosted trivia game for your favorite pub trivia experience done virtually. If a virtual private party is more your thing, go here for details.

You're not logged in!

Compare scores with friends on all Sporcle quizzes.
OR
Log In

Sporcle TV

Today on Sporcle TV


Watch our educational content, quiz creation guides, and fun videos on Sporcle TV.

Show Comments

Extras

Top Quizzes Today


Score Distribution

Paid Content

Your Account Isn't Verified!

In order to create a playlist on Sporcle, you need to verify the email address you used during registration. Go to your Sporcle Settings to finish the process.

Report this User

Report this user for behavior that violates our Community Guidelines.

Details: